| 000 | 01404nam a22002537a 4500 | ||
|---|---|---|---|
| 999 |
_c65698 _d65698 |
||
| 005 | 20240530110838.0 | ||
| 008 | 191209s2008 ua f b 000 0 ara d | ||
| 017 |
_a2008/3661 ( مج 1 ) _bمصر. دار الكتب |
||
| 017 |
_a2008/1696 _bمصر. دار الكتب ( مج 2 ) |
||
| 020 | _a9771805495 ( مج 1 ) | ||
| 020 | _a9771805436 ( مج 2 ) | ||
| 040 |
_aEG-CaGPL _cEG-CaGPL |
||
| 082 | 0 | 4 |
_221 _a814.008 _bق/ ع ت |
| 100 | 0 | _aعبدالمنعم محمد سعيد | |
| 245 | 1 | 0 |
_aتراث احمد لطفى السيد / _cتقديم محمد صابر عرب ؛ دراسة عبدالمنعم محمد سعيد _nالاول : _pالمنتخبات . صفحات مطوية من تاريخ الحركة الاستقلالية فى مصر _nالثانى : _pقصة حياتى . مبادئ فى السياسة والادب والاجتماع . تاملات فى الفلسفة والادب والسياسة والاجتماع |
| 260 |
_aالقاهرة : _bمطبعة دار الكتب و الوثائق القومية بالقاهرة ، _c2008 |
||
| 300 |
_a2 جزء ؛ _c24 سم. |
||
| 504 | _aيشمل على ارجاعات ببليوجرافية | ||
| 600 | 0 | _aاحمد لطفى السيد | |
| 651 | 0 | 7 |
_2qrmak _aمصر _xالاحوال السياسية |
| 700 | 0 |
_aعبدالمنعم محمد سعيد _eدراسة |
|
| 942 |
_2ddc _cBK |
||